书目信息 |
| 题名: |
太阳能资源数据采集与应用最佳实践手册
|
|
| 作者: | 斯托弗 编著 ;申彦波 , 张悦 , 胡玥明 译 | |
| 分册: | ||
| 出版信息: | 北京 气象出版社 2020.04 |
|
| 页数: | XIV, 138页, 16页图版 | |
| 开本: | 26cm | |
| 丛书名: | ||
| 单 册: | ||
| 中图分类: | TK519-62 | |
| 科图分类: | ||
| 主题词: | 太阳能利用--tai yang neng li yong--数据采集--手册 | |
| 电子资源: | ||
| ISBN: | 978-7-5029-7183-0 | |
| 000 | 01600nam0 2200325 450 | |
| 001 | 0100015841 | |
| 005 | 20200929160439.0 | |
| 010 | @a978-7-5029-7183-0@dCNY68.00 | |
| 100 | @a20200623d2020 em y0chiy50 ea | |
| 101 | 1 | @achi@ceng |
| 102 | @aCN@b110000 | |
| 105 | @aaf a 000yy | |
| 106 | @ar | |
| 200 | 1 | @a太阳能资源数据采集与应用最佳实践手册@Atai yang neng zi yuan shu ju cai ji yu ying yong zui jia shi jian shou ce@d= Best practices handbook for the collection and use of solar resource data@fTom Stoffel ... [等]@g申彦波, 张悦, 胡玥明译@zeng |
| 210 | @a北京@c气象出版社@d2020.04 | |
| 215 | @aXIV, 138页, 16页图版@c图@d26cm | |
| 300 | @a本技术报告的最初发表为美国能源部国家可再生能源实验室 | |
| 304 | @a题名页题其余责任者: Dave Renne, Daryl Myers, Steve Wilcox, Manajit Sengupta, Ray George等 | |
| 314 | @a责任者规范汉译姓: 斯托弗 | |
| 320 | @a有书目 | |
| 330 | @a本书结构完整、形式新颖、内容全面, 其最大的特色之处在于“实用”, 紧扣当前太阳能领域的迫切需求, 以辐射测量为基础, 将国际上主流的地面太阳辐射计算方法以及数据库的情况进行了全面介绍, 并且提供了辐射数据在太阳能工程领域的应用方法, 可望成为太阳能领域以及气象领域相关人员的重要工具书。 | |
| 500 | 10 | @aBest practices handbook for the collection and use of solar resource data@mChinese |
| 606 | 0 | @a太阳能利用@Atai yang neng li yong@x数据采集@j手册 |
| 690 | @aTK519-62@v5 | |
| 701 | 1 | @a斯托弗@Asi tuo fu@g(Stoffel, Tom)@4编著 |
| 702 | 0 | @a申彦波@Ashen yan bo@4译 |
| 702 | 0 | @a张悦@Azhang yue@4译 |
| 702 | 0 | @a胡玥明@Ahu yue ming@4译 |
| 801 | 0 | @aCN@c20200623 |
| 905 | @a河南城建学院图书馆@dTK519-62@f1@eS709 | |
| 太阳能资源数据采集与应用最佳实践手册= Best practices handbook for the collection and use of solar resource data/Tom Stoffel ... [等]/申彦波, 张悦, 胡玥明译.-北京:气象出版社,2020.04 |
| XIV, 138页, 16页图版:图;26cm |
| 本技术报告的最初发表为美国能源部国家可再生能源实验室 |
| ISBN 978-7-5029-7183-0:CNY68.00 |
| 本书结构完整、形式新颖、内容全面, 其最大的特色之处在于“实用”, 紧扣当前太阳能领域的迫切需求, 以辐射测量为基础, 将国际上主流的地面太阳辐射计算方法以及数据库的情况进行了全面介绍, 并且提供了辐射数据在太阳能工程领域的应用方法, 可望成为太阳能领域以及气象领域相关人员的重要工具书。 |
| ● |
| 相关链接 |
|
|
|
正题名:太阳能资源数据采集与应用最佳实践手册
索取号:TK519-62/S709
 
预约/预借
| 序号 | 登录号 | 条形码 | 馆藏地/架位号 | 状态 | 备注 |
| 1 | 1492482 | 214924821 | 自科库501/501自科库 135排3列4层/ [索取号:TK519-62/S709] | 在馆 |